| Поле | Название | Значение |
| |
Тип записи |
a |
| |
Библиографический уровень |
m |
| 001 |
Контрольный номер |
RU/IS/BASE/415295399 |
| 005 |
Дата корректировки |
20241022124042.4 |
| 010 |
Индекс ISBN |
__ |
| a |
ISBN |
978-5-271-41239-4 |
| 010 |
Индекс ISBN |
__ |
| a |
ISBN |
978-5-271-41240-0 |
| d |
Цена |
290-73 |
| 021 |
№ государственной регистрации |
__ |
| b |
№ документа |
2012-42033 |
| b |
№ документа |
3113 |
| 100 |
Данные общей обработки |
__ |
| a |
Данные общей обработки |
19120706d2012 |||y0rusy0189 ca |
| 101 |
Язык документа |
__ |
| a |
Язык текста |
rus |
| c |
Язык оригинала |
eng |
| 102 |
Страна публикации |
__ |
| a |
Страна публикации |
RU |
| 102 |
Страна публикации |
__ |
| a |
Страна публикации |
RU |
| 105 |
Кодированные данные (монография) |
__ |
| a |
Кодированные данные (монография) |
y |||||||zy |
| 200 |
Заглавие и сведения об ответственности |
__ |
| a |
Заглавие |
Человек для себя |
| f |
Первые сведения об ответственности |
Эрих Фромм ; [пер. с англ. А. В. Александровой] |
| 210 |
Выходные данные |
__ |
| a |
Место издания |
Москва |
| c |
Издательство |
Астрель |
| d |
Дата издания |
[2012] |
| 215 |
Физическое описание |
__ |
| a |
Объем |
314, [1] с. |
| 225 |
Серия (Журнальная рубрика) |
__ |
| a |
Серия (Журнальная рубрика) |
Philosophy |
| 225 |
Серия (Журнальная рубрика) |
__ |
| a |
Серия (Журнальная рубрика) |
Наука & жизнь |
| 330 |
Аннотация |
__ |
| a |
Аннотация |
Труды Эриха Фромма актуальны всегда, ибо основной темой его исследований было раскрытие человеческой сущности как реализации продуктивного, жизнетворческого начала. |
| 606 |
Тематические рубрики |
__ |
| a |
Основная рубрика |
Философия |
| 606 |
Тематические рубрики |
__ |
| a |
Основная рубрика |
Философия зарубежных стран |
| 610 |
Ключевые слова |
__ |
| a |
Ключевые слова |
гуманистическая этика |
| a |
Ключевые слова |
мораль (философ.) |
| a |
Ключевые слова |
психоанализ |
| a |
Ключевые слова |
сущность человека (философ.) |
| a |
Ключевые слова |
характер человека (философ.) |
| a |
Ключевые слова |
этика |
| 686 |
Индексы других классификаций |
__ |
| 2 |
Код системы |
rubbk |
| a |
Индекс ББК |
87.3(4Гем) |
| 700 |
Автор |
_1 |
| a |
Фамилия |
Фромм |
| b |
Имя |
Э. |
| f |
Даты |
1900-1980 |
| g |
Полное личное имя |
Эрих |
| 801 |
Источник записи |
_0 |
| a |
Страна |
RU |
| b |
Организация |
NLR |
| c |
Дата составления |
20120706 |
| 801 |
Источник записи |
_1 |
| a |
Страна |
RU |
| b |
Организация |
NLR |
| c |
Дата составления |
20120706 |
| 801 |
Источник записи |
_2 |
| a |
Страна |
RU |
| b |
Организация |
Центральная районная библиотека им. Г. А. Пирожникова |
| c |
Дата составления |
20120706 |
| 852 |
Данные о местонахождении |
__ |
| j |
Шифр хранения |
87.3(4Гем) |
| i |
Авторский знак |
Ф 91 |
| b |
Сигла хранения |
ООЧ |
| 901 |
Тип документа |
__ |
| t |
Тип документа |
m |
| 902 |
Роль лиц |
__ |
| a |
Создатель БЗ |
ОКиО/Шумских |
| 905 |
Дата создания БЗ |
__ |
| a |
Дата создания БЗ |
2013.03.27 |
| 990 |
Данные о заказе (DOS) |
__ |
| j |
Количество экземпляров (DOS) |
1 |
| h |
N записи в КСУ для Б/У (DOS) |
2013-3 |